The Welsh language : (Record no. 100290)
[ view plain ]
| 000 -LEADER | |
|---|---|
| fixed length control field | 01451nam a2200361 i 4500 |
| ISBN | 9781783160204 (e-book) |
| 100 1# - MAIN ENTRY--AUTHOR NAME | |
| Personal name | Davies, Janet, |
| 245 14 - TITLE STATEMENT | |
| Title | The Welsh language : |
| 300 ## - PHYSICAL DESCRIPTION | |
| Number of Pages | 1 online resource (224 pages) : |
| Other physical details | illustrations, genealogical tables, maps |
| 650 #0 - SUBJECT ADDED ENTRY--TOPICAL TERM | |
| Topical Term | Welsh language |
| Topical Term | Welsh language |
| 856 40 - ELECTRONIC LOCATION AND ACCESS | |
| Uniform Resource Identifier | http://site.ebrary.com/lib/rucke/Doc?id=10847954 |
| 264 #1 - | |
| -- | Cardiff : |
| -- | University of Wales Press, |
| -- | 2014. |
| 336 ## - | |
| -- | text |
| -- | rdacontent |
| 337 ## - | |
| -- | computer |
| -- | rdamedia |
| 338 ## - | |
| -- | online resource |
| -- | rdacarrier |
| 588 ## - | |
| -- | Description based on online resource; title from PDF title page (ebrary, viewed March 28, 2014). |
No items available.
